[Event "5th EFE Metz Festival IM 2019"]
[Site "Metz"]
[Date "2019.07.26"]
[Round "6.4"]
[White "Villegas, Pierre"]
[Black "Mouhamad, Joachin"]
[Result "1-0"]
[WhiteElo "2349"]
[BlackElo "2302"]
[Annotator "TA"]
[PlyCount "47"]
[EventDate "2019.07.22"]
[EventType "tourn"]
[EventCountry "FRA"]
[SourceTitle "playchess.com"]
[Source "ChessBase"]
[SourceQuality "1"]

{[%evp 9,106,25,41,29,45,45,62,26,25,13,49,20,85,79,81,93,101,24,60,56,64,51,77,77,77,85,81,75,79,71,85,88,110,113,150,99,112,20,105,53,162,145,177,162,151,160,220,209,217,210,214,184,295,295,264,189,319,316,456,460,455,398,523,519,555,509,532,532,532,532,799,644,1967,1763,1242,516,937,836,891,871,908,778,847,0,739,0,895,873,789,503,473,458,1361,1275,979,980,974,966,29999]} 1. d4 Nf6 2. c4 g6 3. f3 c5 4. d5 Bg7 5. e4 d6 6. Ne2 {E60: King's Indian: Unusual lines and Fianchetto Variation without Nc3} O-O 7. Nec3 e5 8. Be2 $146 {White is slightly better.} ({Predecessor:} 8. g4 h5 9. h3 Nh7 10. Be3 h4 11. Qd2 Bf6 12. Rg1 {1-0 (42) Harikrishna,P (2763)-Li,C (2755) Stavanger 2016}) 8... Nh5 9. O-O a6 10. g3 f5 {[#]} (10... Bh3 $11) 11. exf5 $1 $16 gxf5 12. f4 Nf6 13. Na3 (13. fxe5 $16 dxe5 14. Bg5) 13... e4 14. Nc2 Qe8 15. h3 Qg6 16. Kh2 h5 17. Ne3 Qh7 18. Bd2 b6 19. Rb1 Ra7 20. Na4 Rb7 {[#]} 21. b4 $1 b5 22. cxb5 (22. bxc5 $6 bxa4 23. c6 Ng4+ 24. Kg2 (24. hxg4 hxg4+ 25. Kg1 Qh3 $11) 24... Rxb1 $14) (22. Nxc5 $142 dxc5 23. bxc5) 22... axb5 23. Nc3 (23. Nxc5 $16 dxc5 24. bxc5) 23... c4 (23... Ng4+ $1 $11 {keeps the balance.} 24. Nxg4 (24. hxg4 hxg4+ 25. Kg1 Qh3 $17) 24... hxg4) 24. Rg1 {Played: a2-a4} 1-0

[Event "5th EFE Metz Festival IM 2019"]
[Site "Metz"]
[Date "2019.07.26"]
[Round "6.5"]
[White "Kurayan, Ruslan"]
[Black "Harutyunyan, Ruben"]
[Result "1-0"]
[WhiteElo "2376"]
[BlackElo "2326"]
[Annotator "TA"]
[PlyCount "67"]
[EventDate "2019.07.22"]
[EventType "tourn"]
[EventCountry "FRA"]
[SourceTitle "playchess.com"]
[Source "ChessBase"]
[SourceQuality "1"]

{[%evp 18,66,60,0,0,0,0,0,0,0,0,-20,-21,-26,-18,-22,-14,-38,0,-103,132,135,100,79,118,110,306,297,301,221,479,126,595,387,893,361,418,429,1508,1502,1383,1368,5665,5331,29979,29979,29979,29975,29991,29992,29999]} 1. e4 c5 2. Nf3 d6 3. d4 cxd4 4. Nxd4 Nf6 5. Nc3 Nc6 6. Bg5 e6 7. Qd2 a6 8. O-O-O Bd7 9. f4 b5 10. Qe1 (10. Bxf6 $14 gxf6 11. Kb1) 10... Nxd4 $11 {B67: Sicilian: Richter-Rauzer: 7...a6 8 0-0-0 Bd7, lines without 9 f4 Be7} 11. Rxd4 Qb6 12. Qd2 Bc6 {The position is equal.} 13. Bxf6 (13. Be2 b4 14. Nd5 exd5 15. exd5 Bb5 16. Bxf6 gxf6 17. Rxb4 Qc5 18. Re1 Kd8 19. a3 f5 20. Bxb5 axb5 21. Qe2 Kc7 22. Rxb5 Qd4 23. Rb4 Qa7 24. Qb5 Bh6 25. Re7+ {1-0 (25) Lobanov,S (2429)-Kozul,Z (2613) Tallinn 2016}) 13... gxf6 14. Be2 b4 15. Nd5 exd5 16. exd5 Bd7 {Strongly threatening ...a5.} 17. Rxb4 Qc7 $146 ({Predecessor:} 17... Qa7 18. Re1 {1-0 (30) Lobanov,S (2427)-Neverov,V (2483) St Petersburg 2017}) 18. Bxa6 {[#]} (18. Re1 $1 $11 Kd8 19. Rc4) 18... Qa7 $2 (18... Bh6 $1 $17 {stays on course.} 19. Rb7 Qd8 20. Qe1+ Kf8) 19. Bb7 $16 Rb8 20. Re1+ Kd8 {[#]} 21. Bc6 $1 {Black must now prevent Rxb8+.} Bh6 $2 (21... Rxb4 $16 22. Qxb4 Be7) 22. Rxb8+ $18 Qxb8 23. Qd4 Bg7 $2 (23... Re8 24. Rxe8+ (24. Qxf6+ Kc7 $16) 24... Kxe8) 24. Qe3 $2 (24. Re3 $18 {and the rest is easy.}) 24... Bf8 $2 {[%mdl 8192]} (24... Qc7 $16 {is tougher.} 25. Qe7+ Kc8) 25. a4 {[%cal Ba2a4,Ba4a5,Ba5b6][%mdl 32]} Qc8 $2 (25... Rg8 26. Bxd7 Kxd7 27. Qh3+ Kd8 28. Qxh7 {[%mdl 64] Double Attack} Rg7) 26. Qb6+ (26. Bxd7 $142 Kxd7 27. Qb6) 26... Qc7 27. a5 Bh6 {[#]} (27... h5 $142 28. Qb5 Bxc6 29. dxc6 Bh6) 28. Re7 $3 {[%mdl 576] Double Attack} Bxf4+ {[#]} (28... Kxe7 29. Qxc7) 29. Kb1 $1 {[%mdl 512]} Qxb6 30. Rxd7+ Ke8 31. axb6 {White mates.} Kf8 32. Rd8+ Ke7 33. Rxh8 {[%csl Gc6][%cal Rh8e8]} Bc1 34. Re8# {Accuracy: White = 44%, Black = 24%.} 1-0

[Event "5th EFE Metz Festival IM 2019"]
[Site "Metz"]
[Date "2019.07.26"]
[Round "7.1"]
[White "Philippe, Guillaume"]
[Black "Kurayan, Ruslan"]
[Result "1/2-1/2"]
[WhiteElo "2344"]
[BlackElo "2376"]
[Annotator "TA"]
[PlyCount "75"]
[EventDate "2019.07.22"]
[EventType "tourn"]
[EventCountry "FRA"]
[SourceTitle "playchess.com"]
[Source "ChessBase"]
[SourceQuality "1"]

{[%evp 12,75,-9,-8,-6,-6,-8,-6,-8,-6,-3,-4,-3,-21,2,2,-2,0,20,7,31,27,36,20,43,38,43,17,22,14,23,5,46,44,39,-4,0,-23,0,0,0,-29,-7,-105,-104,-99,-99,-99,-99,-101,-104,-95,-83,-86,-88,-132,-127,-131,-96,-77,-42,-44,-50,-99,-95,-126]} 1. Nf3 Nf6 2. e3 g6 3. b4 Bg7 4. Bb2 O-O 5. c4 d6 6. Be2 e5 7. d3 e4 {A15: English Opening: 1...Nf6} 8. dxe4 Nxe4 9. Bxg7 Kxg7 {The position is equal.} 10. Qd4+ Qf6 11. Qxf6+ Nxf6 12. Nc3 Be6 $146 ({Predecessor:} 12... a5 13. b5 b6 14. Nd4 Bb7 15. f3 Nbd7 16. e4 Nc5 17. Kf2 Rae8 18. Rhe1 Nfd7 19. Rad1 Ne6 20. Bf1 {½-½ (20) Yermolinsky,A (2546)-Mikhalevski,V (2548) Los Angeles 2003}) 13. O-O Nc6 14. a3 a6 15. Rfd1 Rad8 16. Rac1 Ne5 17. Nd2 Bg4 18. f3 Be6 19. h3 a5 20. f4 Nc6 $1 21. b5 Ne7 22. Bf3 b6 23. Nde4 (23. Nd5 $5 Bxd5 24. cxd5 $11) 23... Nd7 24. Ne2 Bf5 25. Nf2 Nc5 26. Nd4 f6 27. Bc6 (27. g4 $11 {remains equal.} Bd7 28. Nd3) 27... Nxc6 $17 28. Nxc6 Rde8 29. Re1 Be4 30. Nd4 h5 31. Rcd1 Re7 32. Nxe4 Rxe4 33. g4 hxg4 34. hxg4 Rfe8 35. Kf2 Ne6 36. Nxe6+ R8xe6 37. Rd4 {[#]} g5 $1 {...Rxd4 is the strong threat.} 38. fxg5 {Accuracy: White = 53%, Black = 51%.} 1/2-1/2

[Event "5th EFE Metz Festival IM 2019"]
[Site "Metz"]
[Date "2019.07.26"]
[Round "7.2"]
[White "Micottis, Dorian"]
[Black "Maurizzi, Marc Andria"]
[Result "1/2-1/2"]
[WhiteElo "2226"]
[BlackElo "2412"]
[Annotator "NA"]
[PlyCount "72"]
[EventDate "2019.07.22"]
[EventType "tourn"]
[EventCountry "FRA"]
[SourceTitle "playchess.com"]
[Source "ChessBase"]
[SourceQuality "1"]
[TimeControl "5400+30"]

1. e4 {[%emt 0:00:00]} c5 {[%emt 0:00:00]} 2. Nf3 {[%emt 0:00:00]} e6 {[%emt 0:00:00]} 3. d3 {[%emt 0:00:31]} Nc6 {[%emt 0:02:53]} 4. g3 {[%emt 0:00:14]} d6 {[%emt 0:04:24]} 5. Bg2 {[%emt 0:00:15]} g6 {[%emt 0:00:27]} 6. O-O {[%emt 0:01:10]} Bg7 {[%emt 0:00:04]} 7. c3 {[%emt 0:00:32]} Nge7 {[%emt 0:00:26]} 8. Re1 {[%emt 0:07:18]} O-O {[%emt 0:00:47]} 9. d4 {[%emt 0:05:51]} cxd4 {[%emt 0:04:50]} 10. cxd4 {[%emt 0:00:03]} d5 {[%emt 0:00:11]} 11. e5 {[%emt 0:01:54]} Nf5 {[%emt 0:06:20]} 12. Nc3 {[%emt 0:02:15]} f6 {[%emt 0:02:07]} 13. g4 {[%emt 0:08:13]} Nfe7 {[%emt 0:37:36]} 14. exf6 {[%emt 0:06:18]} Rxf6 {[%emt 0:00:21]} 15. Bg5 {[%emt 0:04:59]} Rf7 {[%emt 0:01:16]} 16. Qd2 {[%emt 0:13:03]} Qf8 {[%emt 0:02:19]} 17. Qe3 {[%emt 0:06:30]} h6 {[%emt 0:03:17]} 18. Bxe7 {[%emt 0:00:44]} Qxe7 {[%emt 0:10:03]} 19. Ne2 {[%emt 0:05:18]} Qf6 20. Rac1 {[%emt 0:07:46]} Bd7 {[%emt 0:11:27]} 21. h3 {[%emt 0:01:05]} Raf8 {[%emt 0:00:49]} 22. Rf1 {[%emt 0:01:32]} Re7 {[%emt 0:01:41]} 23. Rcd1 {[%emt 0:10:47]} Kh8 {[%emt 0:02:43]} 24. g5 {[%emt 0:03:55]} hxg5 {[%emt 0:00:09]} 25. Qxg5 {[%emt 0:00:02]} Qxg5 {[%emt 0:01:20]} 26. Nxg5 {[%emt 0:00:04]} e5 {[%emt 0:00:25]} 27. dxe5 {[%emt 0:01:02]} Rxe5 {[%emt 0:00:24]} 28. Rxd5 {[%emt 0:00:05]} Rxd5 {[%emt 0:00:28]} 29. Bxd5 {[%emt 0:00:04]} Rf5 {[%emt 0:00:53]} 30. Nf7+ {[%emt 0:01:45]} Kh7 {[%emt 0:00:01]} 31. Bb3 {[%emt 0:03:18]} Nd4 {[%emt 0:01:29]} 32. Ng3 {[%emt 0:02:07]} Nf3+ {[%emt 0:01:39]} 33. Kg2 {[%emt 0:01:01]} Nh4+ {[%emt 0:01:14]} 34. Kg1 {[%emt 0:00:04]} Nf3+ {[%emt 0:00:09]} 35. Kg2 {[%emt 0:00:03]} Nh4+ {[%emt 0:01:02]} 36. Kg1 {[%emt 0:00:03]} Nf3+ {[%emt 0:00:10]} 1/2-1/2

[Event "5th EFE Metz Festival IM 2019"]
[Site "Metz"]
[Date "2019.07.26"]
[Round "7.3"]
[White "Vedder, Richard"]
[Black "Delorme, Alban"]
[Result "1-0"]
[WhiteElo "2286"]
[BlackElo "2327"]
[Annotator "NA"]
[PlyCount "39"]
[EventDate "2019.07.22"]
[EventType "tourn"]
[EventCountry "FRA"]
[SourceTitle "playchess.com"]
[Source "ChessBase"]
[SourceQuality "1"]
[TimeControl "5400+30"]

1. d4 {[%emt 0:00:00]} d5 {[%emt 0:05:14]} 2. c4 {[%emt 0:00:00]} e6 {[%emt 0:00:08]} 3. Nc3 {[%emt 0:00:00]} Be7 {[%emt 0:00:35]} 4. cxd5 {[%emt 0:00:00]} exd5 {[%emt 0:00:08]} 5. Bf4 {[%emt 0:00:00]} Nf6 {[%emt 0:00:23]} 6. e3 {[%emt 0:00:00]} O-O {[%emt 0:00:34]} 7. Bd3 {[%emt 0:00:59]} b6 {[%emt 0:01:42]} 8. Rc1 {[%emt 0:03:13]} c5 {[%emt 0:01:50]} 9. Nf3 {[%emt 0:02:40]} Bb7 {[%emt 0:00:40]} 10. Ne5 {[%emt 0:03:39]} Ne4 {[%emt 0:02:44]} 11. dxc5 {[%emt 0:03:41]} Nxc3 {[%emt 0:06:15]} 12. bxc3 {[%emt 0:01:41]} bxc5 {[%emt 0:02:22]} 13. Rb1 {[%emt 0:01:56]} Qc8 {[%emt 0:02:11]} 14. Qh5 {[%emt 0:01:46]} f5 {[%emt 0:05:17]} 15. Rxb7 {[%emt 0:01:52]} Qxb7 {[%emt 0:04:56]} 16. Bxf5 {[%emt 0:00:15]} Rxf5 {[%emt 0:02:36]} 17. Qxf5 {[%emt 0:00:08]} Bf6 {[%emt 0:00:10]} 18. Qe6+ {[%emt 0:01:09]} Kf8 {[%emt 0:00:05]} 19. O-O {[%emt 0:00:32]} Na6 {[%emt 0:01:11]} 20. Nd7+ {[%emt 0:00:12]} 1-0

[Event "5th EFE Metz Festival IM 2019"]
[Site "Metz"]
[Date "2019.07.26"]
[Round "7.4"]
[White "Mouhamad, Joachin"]
[Black "Ravi, Teja S."]
[Result "0-1"]
[WhiteElo "2302"]
[BlackElo "2410"]
[Annotator "NA"]
[PlyCount "96"]
[EventDate "2019.07.22"]
[EventType "tourn"]
[EventCountry "FRA"]
[SourceTitle "playchess.com"]
[Source "ChessBase"]
[SourceQuality "1"]
[TimeControl "5400+30"]

1. e4 {[%emt 0:00:17]} c6 {[%emt 0:02:15]} 2. d4 {[%emt 0:00:23]} d5 {[%emt 0:00:11]} 3. Nc3 {[%emt 0:00:02]} dxe4 {[%emt 0:00:21]} 4. Nxe4 {[%emt 0:00:03]} Nf6 {[%emt 0:00:08]} 5. Nxf6+ {[%emt 0:00:05]} exf6 {[%emt 0:00:03]} 6. c3 {[%emt 0:00:07]} Bd6 {[%emt 0:00:15]} 7. Bd3 {[%emt 0:00:09]} O-O {[%emt 0:00:07]} 8. Qc2 {[%emt 0:00:04]} Re8+ {[%emt 0:00:03]} 9. Ne2 {[%emt 0:00:06]} h5 {[%emt 0:00:03]} 10. O-O {[%emt 0:03:20]} h4 {[%emt 0:00:19]} 11. h3 {[%emt 0:01:39]} Nd7 {[%emt 0:00:13]} 12. Bd2 {[%emt 0:04:04]} Nf8 {[%emt 0:00:24]} 13. Rae1 {[%emt 0:00:17]} Bd7 {[%emt 0:02:00]} 14. Qc1 {[%emt 0:05:26]} Ng6 {[%emt 0:17:00]} 15. Qc2 {[%emt 0:03:41]} Nf8 {[%emt 0:04:22]} 16. Qc1 {[%emt 0:04:17]} Ng6 {[%emt 0:12:29]} 17. Nf4 {[%emt 0:06:19]} Ne7 {[%emt 0:01:24]} 18. Qd1 {[%emt 0:02:56]} g6 {[%emt 0:07:14]} 19. Bc4 {[%emt 0:10:39]} b5 {[%emt 0:02:45]} 20. Bb3 {[%emt 0:00:52]} Bf5 {[%emt 0:10:06]} 21. Qf3 {[%emt 0:07:09]} Qd7 {[%emt 0:00:19]} 22. Qd1 {[%emt 0:29:56]} Kg7 {[%emt 0:03:22]} 23. Bc2 {[%emt 0:04:17]} Bc7 24. Bxf5 Nxf5 {[%emt 0:08:13]} 25. Qg4 {[%emt 0:05:12]} Kh7 {[%emt 0:01:02]} 26. Nd3 {[%emt 0:00:42]} Rxe1 {[%emt 0:00:36]} 27. Rxe1 {[%emt 0:00:06]} Re8 {[%emt 0:00:13]} 28. Rxe8 {[%emt 0:01:51]} Qxe8 {[%emt 0:00:03]} 29. Nc5 {[%emt 0:00:34]} Kg7 {[%emt 0:01:21]} 30. Qe4 {[%emt 0:00:22]} Qc8 {[%emt 0:01:20]} 31. Nd3 {[%emt 0:04:06]} Bd6 {[%emt 0:01:28]} 32. Bf4 {[%emt 0:01:49]} Be7 {[%emt 0:00:43]} 33. a3 {[%emt 0:03:48]} Qd7 {[%emt 0:00:25]} 34. Kf1 {[%emt 0:00:55]} a5 {[%emt 0:01:30]} 35. Bd2 {[%emt 0:00:48]} c5 {[%emt 0:05:36]} 36. dxc5 {[%emt 0:00:26]} Bxc5 {[%emt 0:00:07]} 37. Nxc5 {[%emt 0:00:43]} Qxd2 {[%emt 0:00:04]} 38. Nd3 {[%emt 0:00:13]} Qd1+ {[%emt 0:01:37]} 39. Ne1 {[%emt 0:00:05]} Qc1 {[%emt 0:02:04]} 40. Qc2 {[%emt 0:00:19]} Qf4 {[%emt 0:00:31]} 41. Nf3 {[%emt 0:00:23]} a4 {[%emt 0:01:19]} 42. b3 {[%emt 0:00:52]} Nd6 {[%emt 0:02:06]} 43. bxa4 {[%emt 0:00:32]} bxa4 {[%emt 0:00:55]} 44. Nd4 {[%emt 0:01:32]} Ne4 {[%emt 0:00:18]} 45. Kg1 {[%emt 0:00:27]} Nc5 {[%emt 0:02:07]} 46. Nf3 {[%emt 0:00:18]} Qc4 {[%emt 0:00:23]} 47. Nd2 {[%emt 0:00:25]} Qe2 {[%emt 0:00:16]} 48. f3 {[%emt 0:00:47]} Nb3 {[%emt 0:02:07]} 0-1

[Event "5th EFE Metz Festival IM 2019"]
[Site "Metz"]
[Date "2019.07.26"]
[Round "7.5"]
[White "Harutyunyan, Ruben"]
[Black "Villegas, Pierre"]
[Result "1-0"]
[WhiteElo "2326"]
[BlackElo "2349"]
[Annotator "NA"]
[PlyCount "61"]
[EventDate "2019.07.22"]
[EventType "tourn"]
[EventCountry "FRA"]
[SourceTitle "playchess.com"]
[Source "ChessBase"]
[SourceQuality "1"]
[TimeControl "5400+30"]

1. Nf3 {[%emt 0:00:00]} d5 {[%emt 0:00:00]} 2. g3 {[%emt 0:00:00]} Nf6 {[%emt 0:00:04]} 3. Bg2 {[%emt 0:00:00]} e6 {[%emt 0:02:41]} 4. O-O {[%emt 0:00:00]} c5 {[%emt 0:00:11]} 5. d3 {[%emt 0:00:01]} Nc6 {[%emt 0:00:21]} 6. Nbd2 {[%emt 0:00:05]} g6 {[%emt 0:00:05]} 7. e4 {[%emt 0:00:26]} Bg7 {[%emt 0:00:06]} 8. Re1 {[%emt 0:02:40]} O-O {[%emt 0:00:28]} 9. c3 {[%emt 0:00:41]} a5 {[%emt 0:00:52]} 10. e5 {[%emt 0:02:43]} Nd7 {[%emt 0:00:18]} 11. d4 {[%emt 0:00:04]} cxd4 {[%emt 0:00:15]} 12. cxd4 {[%emt 0:00:03]} f6 {[%emt 0:00:06]} 13. exf6 {[%emt 0:01:36]} Qxf6 {[%emt 0:00:21]} 14. Qe2 {[%emt 0:02:47]} a4 {[%emt 0:05:59]} 15. Nf1 {[%emt 0:12:06]} Nb6 {[%emt 0:09:49]} 16. Be3 {[%emt 0:03:47]} Nc4 {[%emt 0:01:09]} 17. Rad1 {[%emt 0:01:37]} Nxe3 {[%emt 0:08:22]} 18. Nxe3 {[%emt 0:01:27]} Bd7 {[%emt 0:00:15]} 19. Rd2 {[%emt 0:02:20]} Rfc8 {[%emt 0:09:23]} 20. Ng4 {[%emt 0:02:48]} Qf8 {[%emt 0:05:53]} 21. Nge5 {[%emt 0:02:24]} Nxe5 {[%emt 0:01:50]} 22. Nxe5 {[%emt 0:00:30]} Bxe5 {[%emt 0:00:10]} 23. Qxe5 {[%emt 0:00:22]} Ra6 {[%emt 0:01:26]} 24. h4 {[%emt 0:02:48]} Qf5 {[%emt 0:06:05]} 25. Qe3 {[%emt 0:00:59]} Rac6 {[%emt 0:02:20]} 26. Kh2 {[%emt 0:02:04]} Rc2 {[%emt 0:03:20]} 27. Ree2 {[%emt 0:05:49]} Rxd2 {[%emt 0:03:22]} 28. Qxd2 {[%emt 0:03:35]} b5 {[%emt 0:10:00]} 29. Bh3 {[%emt 0:03:11]} Qf6 {[%emt 0:00:40]} 30. Re5 {[%emt 0:04:32]} b4 {[%emt 0:05:24]} 31. Kg1 {[%emt 0:05:42]} 1-0

[Event "5th EFE Metz Festival IM 2019"]
[Site "Metz"]
[Date "2019.07.27"]
[Round "8.1"]
[White "Maurizzi, Marc Andria"]
[Black "Vedder, Richard"]
[Result "1-0"]
[WhiteElo "2412"]
[BlackElo "2286"]
[Annotator "NA"]
[PlyCount "79"]
[EventDate "2019.07.22"]
[EventType "tourn"]
[EventCountry "FRA"]
[SourceTitle "playchess.com"]
[Source "ChessBase"]
[SourceQuality "1"]
[TimeControl "5400+30"]

1. e4 {[%emt 0:02:04]} e5 {[%emt 0:00:00]} 2. Nf3 {[%emt 0:00:03]} Nc6 {[%emt 0:00:00]} 3. Nc3 {[%emt 0:00:14]} Nf6 {[%emt 0:00:00]} 4. Bb5 {[%emt 0:00:05]} Bd6 {[%emt 0:00:10]} 5. a3 {[%emt 0:01:04]} O-O {[%emt 0:00:19]} 6. d3 {[%emt 0:00:09]} h6 {[%emt 0:00:06]} 7. h3 {[%emt 0:04:40]} Re8 {[%emt 0:04:14]} 8. Bc4 {[%emt 0:05:35]} Bf8 {[%emt 0:06:45]} 9. g4 {[%emt 0:02:36]} Nh7 {[%emt 0:00:16]} 10. Rg1 {[%emt 0:05:18]} g5 {[%emt 0:07:31]} 11. h4 {[%emt 0:02:44]} d6 {[%emt 0:01:32]} 12. Be3 {[%emt 0:01:37]} Be6 {[%emt 0:01:08]} 13. hxg5 {[%emt 0:00:48]} hxg5 {[%emt 0:01:13]} 14. Qd2 {[%emt 0:00:59]} f6 {[%emt 0:01:27]} 15. O-O-O {[%emt 0:02:45]} Bg7 {[%emt 0:00:16]} 16. Bxe6+ {[%emt 0:04:06]} Rxe6 {[%emt 0:00:02]} 17. d4 {[%emt 0:00:27]} Re8 {[%emt 0:02:24]} 18. dxe5 {[%emt 0:01:07]} dxe5 {[%emt 0:00:27]} 19. Qe2 {[%emt 0:00:44]} Qe7 {[%emt 0:00:19]} 20. Nd5 {[%emt 0:00:48]} Qf7 {[%emt 0:00:17]} 21. Rh1 {[%emt 0:03:04]} Nd8 {[%emt 0:02:04]} 22. Rh5 {[%emt 0:09:34]} Ne6 {[%emt 0:01:40]} 23. Rdh1 {[%emt 0:00:30]} Nhf8 {[%emt 0:00:24]} 24. Qf1 {[%emt 0:02:48]} c6 {[%emt 0:00:41]} 25. Nc3 {[%emt 0:00:28]} Ng6 {[%emt 0:00:49]} 26. Kb1 {[%emt 0:03:15]} Red8 {[%emt 0:02:45]} 27. Ne2 {[%emt 0:01:31]} Rd7 {[%emt 0:03:49]} 28. Ng3 {[%emt 0:00:46]} Rad8 {[%emt 0:00:43]} 29. Nf5 {[%emt 0:08:51]} Bf8 {[%emt 0:01:29]} 30. Bc1 {[%emt 0:01:35]} Rd1 {[%emt 0:07:28]} 31. Qxd1 {[%emt 0:01:47]} Rxd1 {[%emt 0:00:04]} 32. Rxd1 {[%emt 0:00:05]} Nc5 {[%emt 0:00:27]} 33. Rd8 {[%emt 0:02:39]} Qc7 {[%emt 0:00:59]} 34. Ra8 {[%emt 0:00:56]} Nxe4 {[%emt 0:01:18]} 35. Rh6 {[%emt 0:03:12]} Nxf2 {[%emt 0:09:37]} 36. Rxg6+ {[%emt 0:00:55]} Kf7 {[%emt 0:00:06]} 37. Rxf6+ {[%emt 0:00:43]} Kxf6 {[%emt 0:00:09]} 38. Rxf8+ {[%emt 0:00:06]} Ke6 {[%emt 0:01:55]} 39. Nxg5+ {[%emt 0:00:13]} Kd5 {[%emt 0:00:15]} 40. Ne3+ {[%emt 0:00:05]} 1-0

[Event "5th EFE Metz Festival IM 2019"]
[Site "Metz"]
[Date "2019.07.27"]
[Round "8.2"]
[White "Ravi, Teja S."]
[Black "Harutyunyan, Ruben"]
[Result "1/2-1/2"]
[WhiteElo "2410"]
[BlackElo "2326"]
[Annotator "TA"]
[PlyCount "107"]
[EventDate "2019.07.22"]
[EventType "tourn"]
[EventCountry "FRA"]
[SourceTitle "playchess.com"]
[Source "ChessBase"]
[SourceQuality "1"]

{[%evp 12,107,30,30,30,42,45,43,76,68,75,76,77,70,78,76,68,89,79,82,73,43,68,52,65,31,51,23,20,23,23,23,24,24,24,-12,12,-14,0,-16,-8,-5,-5,0,-9,-18,-15,-31,-1,0,0,-24,-10,-23,-22,-37,-8,-47,-36,-44,-47,-39,-33,-59,-57,-66,-19,-17,-8,-10,0,0,0,-8,-8,-8,-8,-8,0,0,0,0,0,0,0,0,0,0,0,0,0,0,0,0,0,0,8,0]} 1. d4 Nf6 2. Nf3 d5 3. Bf4 c5 4. e3 Nc6 5. Nbd2 cxd4 6. exd4 Bg4 7. c3 e6 {B13: Caro-Kann: Exchange Variation and Panov-Botvinnik Attack} 8. Qb3 Qb6 (8... Qc8 9. Ne5 Bf5 10. Qa4 a6 11. Nxc6 Qxc6 12. Qxc6+ bxc6 13. Nb3 Nd7 14. f3 Be7 15. Na5 {1-0 (54) Durarbayli,V (2620)-Sevian,S (2647) chess.com INT 2019}) 9. Ne5 Qxb3 {White is slightly better.} 10. axb3 {Hoping for Bb5.} Nxe5 11. Bxe5 Nd7 12. Bb5 $146 ({Predecessor:} 12. Bf4 Be7 13. b4 O-O 14. Nb3 g5 15. Bg3 {½-½ (48) Paravyan,D (2511)-Goryachkina,A (2503) Loo 2016}) 12... a6 13. Bg3 Be7 14. b4 Rc8 15. Bd3 Bf5 16. Be2 O-O 17. O-O Nf6 18. Ra2 Ne8 19. b5 axb5 20. Bxb5 Nd6 21. Be2 Rc6 22. Rfa1 Rb6 23. Bf4 f6 24. Be3 Rc8 25. Ra8 Rxa8 ({Much worse is} 25... Rxb2 $6 26. Rxc8+ Nxc8 27. g4 $16) 26. Rxa8+ Kf7 27. Ra2 g5 28. f3 Bg6 29. Bf1 Kg7 30. Bf2 Be8 31. b3 Bg6 32. c4 {[#] And now c5 would win.} Rb4 33. g4 f5 34. h3 Bf6 35. Ra4 Rxa4 36. bxa4 Be8 37. cxd5 exd5 38. a5 Bb5 39. Nb3 {The position is equal.} Bxf1 (39... Bc6 {with more complications.} 40. Kg2 f4 41. h4 h6 42. Bd3 Nc4) 40. Kxf1 fxg4 41. hxg4 $11 {[%mdl 4096] Endgame KBN-KBN} Nc4 42. Ke2 Kg6 43. Be1 {Black should prevent Nc5.} Bd8 44. Nc5 Bxa5 45. Nxb7 Bxe1 46. Kxe1 {KN-KN} h5 47. gxh5+ Kxh5 48. Nc5 Ne3 49. Ke2 (49. Kf2 $5 {[%cal Rf2e3]} Nf5 50. Ne6 $11) 49... Nf5 50. Ne6 Kh4 51. Kd3 g4 52. fxg4 Kxg4 53. Nc7 Nxd4 54. Nxd5 {Accuracy: White = 46%, Black = 52%.} 1/2-1/2

[Event "5th EFE Metz Festival IM 2019"]
[Site "Metz"]
[Date "2019.07.27"]
[Round "8.3"]
[White "Delorme, Alban"]
[Black "Mouhamad, Joachin"]
[Result "1-0"]
[WhiteElo "2327"]
[BlackElo "2302"]
[Annotator "TA"]
[PlyCount "74"]
[EventDate "2019.07.22"]
[EventType "tourn"]
[EventCountry "FRA"]
[SourceTitle "playchess.com"]
[Source "ChessBase"]
[SourceQuality "1"]

{[%evp 21,74,1,18,-26,-2,-11,-14,-18,0,0,0,0,0,0,8,-29,14,-33,-17,-32,-1,-8,-22,0,0,0,12,0,0,-65,0,-7,0,0,0,0,0,0,0,-95,-95,-127,0,0,612,612,612,607,896,0,755,890,863,855,866]} 1. d4 Nf6 2. Nf3 g6 3. g3 Bg7 4. Bg2 O-O 5. O-O d5 6. c4 dxc4 7. Na3 c3 8. bxc3 c5 9. Ne5 Nc6 10. Nac4 Nd5 11. Bb2 Be6 12. e4 {D77: Fianchetto Grünfeld: 6 0-0: Replies other than 6...c6} Nxe5 13. Nxe5 Nb6 $1 14. f4 {The position is equal.} Nc4 {[#]} 15. Nxc4 $146 (15. Qe2 {with more complications.} cxd4 16. cxd4 Rc8 17. Rf2 Qb6 18. a4) ({Predecessor:} 15. Qe2 cxd4 16. cxd4 Rc8 17. d5 Qb6+ 18. Rf2 Bxe5 19. fxe5 Bg4 20. Qxg4 Nxb2 {0-1 (34) Le Roux,J (2559)-Vachier Lagrave,M (2686) Aix les Bains 2012}) 15... Bxc4 16. Rf2 Qd7 17. Rd2 Rfd8 18. a4 Rac8 19. a5 e6 20. h4 e5 21. fxe5 Bxe5 22. Kh2 Bg7 23. Qf3 h5 24. Rf2 Rc6 {[%cal Rc5d4]} 25. Bh3 ({White should play} 25. e5 $11) 25... Qe8 (25... Qc7 $15 26. Qe3 b5) 26. e5 $11 Be6 27. Bg2 Bd5 28. Qxd5 Rxd5 29. Bxd5 Rc7 30. Rxf7 (30. Raf1 $11) 30... Rxf7 $17 31. Rf1 {[%mdl 64] Hoping for c4. Pin} Qb5 ({Better is} 31... Kh7 $17 32. Bxf7 (32. Rxf7 $2 {loses.} cxd4 33. c4 Qxe5 $19) 32... Qb5) 32. Rxf7 $11 cxd4 $2 {[%mdl 8192]} (32... Kh7 $11 33. Rxb7 {[%mdl 64] Double Attack} Qe2+ 34. Bg2 g5) 33. c4 $18 Qxa5 34. Bxd4 Kh8 {[#] Strongly threatening ...Qd2+.} 35. Kh3 $2 ({Only move:} 35. e6 $1 $18 Bxd4 36. e7 Qa2+ 37. Kh3) 35... Qe1 $2 {[%mdl 8192] [#]} (35... Qd8 $11) 36. e6 $1 Bxd4 37. e7 Bg7 {Accuracy: White = 51%, Black = 48%.} 1-0